El liderazgo y el poder en mujeres de sectores populares /

Al pensar acerca del liderazgo y el poder, surge la pregunta de si los problemas que presenta la gestión organizativa de mujeres en sectores populares son tan distintos de los de las mujeres de otros sectores?.

Bibliographic Details
Main Author: Matus M., Verónica
Format: Analitica de revista
Language:Spanish
Published: Santiago, Chile SUR 1993
Subjects:

MARC

LEADER 00000cab a2200000 a 4500
001 037704
003 UAHC_CL
005 20171123174837.0
008 140120s1993 cl 000 spa
952 |0 0  |1 0  |4 0  |6 PROPOSICIONES_22_93_000000000000000  |7 0  |8 COMP  |9 71720  |a BC  |b BC  |c COMP  |d 2017-08-03  |l 0  |o PROPOSICIONES-22/93  |r 2017-08-03 00:00:00  |t 1  |w 2017-08-03  |y REVA 
999 |c 37704  |d 37704 
040 |a UAHC_CL  |c UAHC_CL  |d UAHC_CL 
100 1 |a Matus M., Verónica 
245 1 3 |a El liderazgo y el poder en mujeres de sectores populares /  |c Verónica Matus. 
260 |b SUR  |c 1993  |a Santiago, Chile 
300 |a pp. 262-265 
310 |a Anual. 
362 0 |a Año 1, no. 1 (nov. 2002)- . 
362 0 |a Año 1, no. 1 (nov. 2002)- . 
500 |a En: Proposiciones. no. 22, 1993. pp. 262-265. ISSN. 956208051X. 
520 |a Al pensar acerca del liderazgo y el poder, surge la pregunta de si los problemas que presenta la gestión organizativa de mujeres en sectores populares son tan distintos de los de las mujeres de otros sectores?. 
650 4 |a MUJERES  |z CHILE 
900 |a PROPOSICIONES-22/93 
942 |c REVA  |2 ddc